000 01196nam a2200253 i 4500
001 166975
003 ES-MaACL
005 20250801210727.0
008 940301s1886 sp abe |||| | spa d
040 _aAS
_bspa
100 1 _aValverde y Álvarez, Emilio,
_d1848-1894
_9133538
245 1 0 _aGuía de los antiguos reinos de Valencia y Murcia
_b: provincias de Valencia, Castellón, Albacete, Alicante y Murcia : ilustrada con mapas, planos y grabados... /
_cEmilio Valverde y Alvarez.
260 _aMadrid :
_b[s.n.],
_c[1886?] (
_fImprenta de Fernando Cao y Domingo de Val)
300 _ap. 593-740, [4] h. de lám., [5] h. de plan. :
_bil. ;
_c19 cm.
490 1 _aGuía práctico Valverde
530 _aDisponible en formato digital.
596 _aFecha tomada de Palau, XXV, 114.
651 4 _aComunidad Valenciana-
_xGuías turísticas.
_9167360
651 4 _aMurcia (Comunidad Autónoma)-
_vGuías turísticas.
_9167361
830 0 0 _aGuía práctico Valverde
_9188633
852 _aES-MaACL
_jC-280
_z-- Enc. hol. conservando la cub. original
856 _uhttp://bdh-rd.bne.es/viewer.vm?id=0000000839&page=1
_zBiblioteca Digital Hispánica
999 _c166975
_d166975